[Event "Irena Warakomska Memorial A"]
[Site "Suwalki"]
[Date "2021.07.29"]
[Round "4"]
[White "Golenia, Jan"]
[Black "Paprocki, Jaroslaw"]
[Result "1/2-1/2"]
[Board "25"]
[WhiteElo "2103"]
[WhiteCountry "POL"]
[WhiteFideId "21800227"]
[WhiteEloChange "4"]
[BlackElo "2231"]
[BlackCountry "POL"]
[BlackFideId "1122274"]
[BlackEloChange "-4"]

1. d4 {[%clk 1:30:53]} Nf6 {[%clk 1:27:17]} 2. c4 {[%clk 1:30:57]} e6 {[%clk
1:27:35]} 3. g3 {[%clk 1:31:19]} d5 {[%clk 1:27:11]} 4. Nf3 {[%clk 1:30:37]} Be7
{[%clk 1:24:49]} 5. Bg2 {[%clk 1:31:01]} c6 {[%clk 1:23:54]} 6. O-O {[%clk
1:30:16]} Nbd7 {[%clk 1:23:27]} 7. Qc2 {[%clk 1:25:59]} b6 {[%clk 1:23:14]} 8.
Nc3 {[%clk 1:25:22]} Ba6 {[%clk 1:22:27]} 9. cxd5 {[%clk 1:16:06]} Nxd5 {[%clk
1:21:55]} 10. Rd1 {[%clk 1:15:18]} Rc8 {[%clk 1:19:43]} 11. e4 {[%clk 1:12:58]}
Nxc3 {[%clk 1:15:30]} 12. bxc3 {[%clk 1:12:52]} O-O {[%clk 1:15:12]} 13. Qa4
{[%clk 1:08:50]} Bb5 {[%clk 1:14:34]} 14. Qb3 {[%clk 1:08:39]} Be2 {[%clk
1:13:43]} 15. Re1 {[%clk 1:07:48]} Bxf3 {[%clk 1:05:15]} 16. Bxf3 {[%clk
1:08:15]} c5 {[%clk 1:03:52]} 17. Be3 {[%clk 1:04:27]} cxd4 {[%clk 1:03:29]} 18.
cxd4 {[%clk 1:04:47]} Bg5 {[%clk 0:55:35]} 19. Bxg5 {[%clk 0:56:35]} Qxg5 {[%clk
0:55:58]} 20. Qa4 {[%clk 0:54:56]} Rc7 {[%clk 0:54:00]} 21. Rad1 {[%clk 0:51:25]}
e5 {[%clk 0:48:04]} 22. dxe5 {[%clk 0:39:41]} Nxe5 {[%clk 0:48:14]} 23. Bg2
{[%clk 0:39:33]} Qe7 {[%clk 0:40:33]} 24. Rd5 {[%clk 0:36:41]} g6 {[%clk
0:35:56]} 25. Red1 {[%clk 0:34:35]} Rfc8 {[%clk 0:32:11]} 26. Qd4 {[%clk
0:18:21]} Rc1 {[%clk 0:31:34]} 27. f4 {[%clk 0:16:17]} Rxd1+ {[%clk 0:30:13]} 28.
Qxd1 {[%clk 0:16:46]} Nc6 {[%clk 0:27:28]} 29. Rd6 {[%clk 0:14:47]} Nb4 {[%clk
0:25:18]} 30. a3 {[%clk 0:14:58]} Nc2 {[%clk 0:23:35]} 31. Bh3 {[%clk 0:13:02]}
Ne3 {[%clk 0:16:40]} 32. Qd4 {[%clk 0:12:35]} Rc1+ {[%clk 0:15:16]} 33. Kf2
{[%clk 0:13:01]} Rd1 {[%clk 0:15:42]} 34. Rd7 {[%clk 0:12:08]} Rxd4 {[%clk
0:12:08]} 35. Rxe7 {[%clk 0:12:36]} Nd1+ {[%clk 0:11:53]} 36. Ke1 {[%clk
0:09:55]} Nc3 {[%clk 0:09:56]} 37. e5 {[%clk 0:10:02]} a5 {[%clk 0:09:09]} 38.
Rd7 {[%clk 0:05:55]} Re4+ {[%clk 0:05:57]} 39. Kf1 {[%clk 0:05:42]} Re3 {[%clk
0:03:19]} 40. Rd8+ {[%clk 0:35:37]} Kg7 {[%clk 0:33:41]} 41. Rd7 {[%clk 0:34:37]}
Kf8 {[%clk 0:33:22]} 42. Rd8+ {[%clk 0:34:16]} Ke7 {[%clk 0:33:47]} 43. Rd7+
{[%clk 0:34:44]} Ke8 {[%clk 0:33:53]} 44. Rb7 {[%clk 0:35:10]} Ne4 {[%clk
0:28:41]} 45. a4 {[%clk 0:32:27]} Rb3 {[%clk 0:23:46]} 46. Bd7+ {[%clk 0:21:22]}
Kf8 {[%clk 0:24:12]} 47. Bc6 {[%clk 0:21:19]} Nc5 {[%clk 0:24:03]} 48. Rc7 {[%clk
0:21:05]} Rd3 {[%clk 0:21:05]} 49. Bb5 {[%clk 0:17:43]} Rd4 {[%clk 0:20:42]} 50.
Rc6 {[%clk 0:17:33]} Rb4 {[%clk 0:20:34]} 51. Rc8+ {[%clk 0:17:18]} Kg7 {[%clk
0:20:58]} 52. Rc6 {[%clk 0:15:58]} h5 {[%clk 0:21:08]} 53. Rf6 {[%clk 0:15:01]}
Kf8 {[%clk 0:18:13]} 54. Rc6 {[%clk 0:13:56]} Rb2 {[%clk 0:16:08]} 55. Kg1 {[%clk
0:14:15]} Rb4 {[%clk 0:14:12]} 56. Kg2 {[%clk 0:14:17]} Rb2+ {[%clk 0:14:33]} 57.
Kg1 {[%clk 0:14:02]} Rb4 {[%clk 0:12:43]} 58. Kg2 {[%clk 0:14:04]} Nxa4 {[%clk
0:12:39]} 59. Bxa4 {[%clk 0:14:29]} Rxa4 {[%clk 0:13:05]} 60. Rxb6 {[%clk
0:14:56]} Ra2+ {[%clk 0:13:21]} 61. Kh3 {[%clk 0:13:51]} a4 {[%clk 0:13:11]} 62.
Ra6 {[%clk 0:12:56]} a3 {[%clk 0:13:29]} 63. Ra7 {[%clk 0:13:01]} Ke8 {[%clk
0:12:08]} 64. Ra8+ {[%clk 0:12:20]} Kd7 {[%clk 0:12:07]} 65. Ra7+ {[%clk
0:12:45]} Ke6 {[%clk 0:11:31]} 66. Ra6+ {[%clk 0:12:34]} Kd5 {[%clk 0:11:32]} 67.
Ra7 {[%clk 0:12:16]} Kc4 {[%clk 0:11:51]} 68. Rc7+ {[%clk 0:09:03]} Kb5 {[%clk
0:11:31]} 69. Ra7 {[%clk 0:08:56]} Ra1 {[%clk 0:11:07]} 70. Rxf7 {[%clk 0:08:16]}
Re1 {[%clk 0:10:58]} 71. Ra7 {[%clk 0:07:42]} Kb4 {[%clk 0:11:09]} 72. Ra6 {[%clk
0:07:25]} Kb3 {[%clk 0:07:49]} 73. Rb6+ {[%clk 0:07:10]} Kc3 {[%clk 0:08:06]} 74.
Rc6+ {[%clk 0:06:58]} Kb4 {[%clk 0:08:23]} 75. Ra6 {[%clk 0:06:03]} Kb3 {[%clk
0:04:53]} 76. Rb6+ {[%clk 0:01:01]} Kc2 {[%clk 0:05:07]} 77. Rc6+ {[%clk
0:01:12]} Kb3 {[%clk 0:04:35]} 78. Rb6+ {[%clk 0:01:16]} Kc2 {[%clk 0:04:00]} 79.
Rc6+ {[%clk 0:01:42]} Kb1 {[%clk 0:04:26]} 80. Rxg6 {[%clk 0:01:49]} a2 {[%clk
0:04:51]} 81. Ra6 {[%clk 0:02:15]} Re2 {[%clk 0:05:00]} 82. e6 {[%clk 0:01:57]}
a1=Q {[%clk 0:02:47]} 83. Rxa1+ {[%clk 0:02:23]} Kxa1 {[%clk 0:03:14]} 84. f5
{[%clk 0:02:48]} Re4 {[%clk 0:02:12]} 85. e7 {[%clk 0:00:45]} Rxe7 {[%clk
0:01:58]} 86. Kh4 {[%clk 0:01:14]} Kb2 {[%clk 0:00:42]} 87. Kxh5 {[%clk 0:01:27]}
Rh7+ {[%clk 0:00:44]} 88. Kg6 {[%clk 0:01:50]} Rxh2 {[%clk 0:01:05]} 89. g4
{[%clk 0:01:02]} Kc3 {[%clk 0:01:19]} 90. f6 {[%clk 0:01:12]} Kd4 {[%clk
0:01:38]} 91. f7 {[%clk 0:00:52]} Rf2 {[%clk 0:01:55]} 92. Kg7 {[%clk 0:01:06]}
Ke5 {[%clk 0:02:00]} 93. g5 {[%clk 0:01:16]} Ke6 {[%clk 0:02:09]} 94. f8=Q {[%clk
0:01:22]} Rxf8 {[%clk 0:02:29]} 95. Kxf8 {[%clk 0:01:48]} Kf5 {[%clk 0:02:56]}
96. g6 {[%clk 0:02:13]} Kxg6 {[%clk 0:03:20]} 1/2-1/2

[Event "Irena Warakomska Memorial A"]
[Site "Suwalki"]
[Date "2021.07.29"]
[Round "4"]
[White "Mulet, Piotr"]
[Black "Kacprzak, Karol"]
[Result "1/2-1/2"]
[Board "26"]
[WhiteElo "2215"]
[WhiteTitle "FM"]
[WhiteCountry "POL"]
[WhiteFideId "1106244"]
[WhiteEloChange "-2"]
[BlackElo "2151"]
[BlackCountry "POL"]
[BlackFideId "21819327"]
[BlackEloChange "2"]

1. e4 {[%clk 1:30:48]} e5 {[%clk 1:30:49]} 2. Nf3 {[%clk 1:30:42]} Nc6 {[%clk
1:31:08]} 3. Nc3 {[%clk 1:30:45]} Nf6 {[%clk 1:31:28]} 4. Be2 {[%clk 1:29:34]} d5
{[%clk 1:28:36]} 5. exd5 {[%clk 1:29:58]} Nxd5 {[%clk 1:28:57]} 6. d3 {[%clk
1:27:46]} Be7 {[%clk 1:25:37]} 7. O-O {[%clk 1:27:42]} Be6 {[%clk 1:25:12]} 8.
Re1 {[%clk 1:22:07]} O-O {[%clk 1:06:18]} 9. Bf1 {[%clk 1:22:12]} Nxc3 {[%clk
1:06:04]} 10. bxc3 {[%clk 1:22:39]} Bf6 {[%clk 1:06:22]} 11. Ba3 {[%clk 1:14:04]}
Re8 {[%clk 1:06:32]} 12. Nd2 {[%clk 1:14:25]} Be7 {[%clk 0:59:16]} 13. Bxe7
{[%clk 1:14:17]} Qxe7 {[%clk 0:59:33]} 14. g3 {[%clk 1:11:45]} Qc5 {[%clk
0:48:58]} 15. c4 {[%clk 1:07:29]} Nd4 {[%clk 0:38:08]} 16. Bg2 {[%clk 1:06:01]}
c6 {[%clk 0:37:49]} 17. Rb1 {[%clk 0:53:51]} Rab8 {[%clk 0:37:02]} 18. Nb3 {[%clk
0:32:10]} Nxb3 {[%clk 0:32:21]} 19. axb3 {[%clk 0:32:36]} Qd6 {[%clk 0:27:29]}
20. Ra1 {[%clk 0:31:56]} a6 {[%clk 0:27:45]} 21. Qd2 {[%clk 0:29:25]} f6 {[%clk
0:26:22]} 22. Qc3 {[%clk 0:25:33]} Re7 {[%clk 0:21:45]} 23. b4 {[%clk 0:25:24]}
Rc8 {[%clk 0:19:32]} 24. Qa3 {[%clk 0:23:19]} Bf5 {[%clk 0:18:38]} 25. Qa5 {[%clk
0:23:11]} Qd7 {[%clk 0:15:09]} 26. Qc5 {[%clk 0:22:19]} Rce8 {[%clk 0:14:23]} 27.
Re3 {[%clk 0:13:37]} Qd8 {[%clk 0:10:31]} 28. Rae1 {[%clk 0:13:26]} Re6 {[%clk
0:10:39]} 29. Qa5 {[%clk 0:12:58]} Qc8 {[%clk 0:10:36]} 30. R3e2 {[%clk 0:10:26]}
Qd7 {[%clk 0:06:41]} 31. Qb6 {[%clk 0:09:51]} h6 {[%clk 0:06:05]} 32. h3 {[%clk
0:09:25]} Kh8 {[%clk 0:06:07]} 33. Kh2 {[%clk 0:08:52]} Kh7 {[%clk 0:05:37]} 34.
Bf3 {[%clk 0:05:06]} R6e7 {[%clk 0:05:28]} 35. Bg2 {[%clk 0:04:49]} Re6 {[%clk
0:05:40]} 36. h4 {[%clk 0:04:23]} Kh8 {[%clk 0:05:41]} 37. Bf3 {[%clk 0:04:13]}
R6e7 {[%clk 0:04:54]} 38. Re3 {[%clk 0:04:21]} Kh7 {[%clk 0:03:14]} 39. Qc5
{[%clk 0:04:20]} Kh8 {[%clk 0:02:01]} 40. Bh5 {[%clk 0:34:17]} Rb8 {[%clk
0:30:54]} 41. Qb6 {[%clk 0:33:27]} Bg4 {[%clk 0:23:00]} 42. Bg6 {[%clk 0:30:51]}
Bf5 {[%clk 0:21:47]} 43. Bh5 {[%clk 0:31:05]} Bg4 {[%clk 0:22:09]} 44. Bxg4
{[%clk 0:30:55]} Qxg4 {[%clk 0:22:33]} 45. d4 {[%clk 0:30:02]} Rbe8 {[%clk
0:22:12]} 46. Qc5 {[%clk 0:27:50]} Re6 {[%clk 0:15:10]} 47. f3 {[%clk 0:20:18]}
Qf5 {[%clk 0:13:44]} 48. R1e2 {[%clk 0:20:29]} b6 {[%clk 0:10:17]} 49. Qxb6
{[%clk 0:20:07]} exd4 {[%clk 0:10:31]} 50. Rxe6 {[%clk 0:18:46]} Rxe6 {[%clk
0:10:57]} 51. Rxe6 {[%clk 0:14:38]} Qxe6 {[%clk 0:11:20]} 52. Qxd4 {[%clk
0:15:06]} Qe2+ {[%clk 0:10:28]} 53. Kh3 {[%clk 0:15:03]} Qxc2 {[%clk 0:04:54]}
54. c5 {[%clk 0:14:37]} Qf5+ {[%clk 0:03:22]} 55. Qg4 {[%clk 0:14:59]} Qd5 {[%clk
0:02:32]} 56. h5 {[%clk 0:14:50]} f5 {[%clk 0:02:25]} 57. Qf4 {[%clk 0:14:22]}
Qf7 {[%clk 0:02:23]} 58. g4 {[%clk 0:13:43]} fxg4+ {[%clk 0:02:51]} 59. Kxg4
{[%clk 0:13:27]} Qe6+ {[%clk 0:02:52]} 60. Qf5 {[%clk 0:13:01]} Qc4+ {[%clk
0:02:55]} 61. Qe4 {[%clk 0:13:16]} Qb5 {[%clk 0:02:24]} 62. Kf5 {[%clk 0:13:20]}
Qb7 {[%clk 0:02:35]} 63. Kg6 {[%clk 0:11:28]} Qd7 {[%clk 0:02:00]} 64. Qf5 {[%clk
0:11:00]} Qd8 {[%clk 0:01:31]} 65. Qe5 {[%clk 0:11:07]} Qg8 {[%clk 0:01:07]} 66.
Kf5 {[%clk 0:10:15]} Qf7+ {[%clk 0:01:27]} 67. Kg4 {[%clk 0:10:34]} Qd7+ {[%clk
0:00:57]} 68. Qf5 {[%clk 0:10:52]} Qd4+ {[%clk 0:00:34]} 69. Qe4 {[%clk 0:11:21]}
Qd7+ {[%clk 0:00:54]} 70. Qf5 {[%clk 0:10:27]} Qd4+ {[%clk 0:01:18]} 71. Qf4
{[%clk 0:10:46]} Qd7+ {[%clk 0:01:39]} 72. Kg3 {[%clk 0:10:47]} Kg8 {[%clk
0:01:21]} 73. Qe4 {[%clk 0:10:35]} Kf7 {[%clk 0:00:50]} 74. Qc4+ {[%clk 0:10:46]}
Qe6 {[%clk 0:00:46]} 75. Qxa6 {[%clk 0:10:43]} Qe5+ {[%clk 0:01:08]} 76. Kf2
{[%clk 0:10:35]} Qh2+ {[%clk 0:00:43]} 77. Ke3 {[%clk 0:10:33]} Qe5+ {[%clk
0:00:35]} 78. Kd2 {[%clk 0:09:48]} Qd4+ {[%clk 0:00:52]} 79. Ke2 {[%clk 0:09:51]}
Qb2+ {[%clk 0:00:55]} 80. Kf1 {[%clk 0:10:18]} Qc1+ {[%clk 0:00:44]} 81. Ke2
{[%clk 0:09:28]} Qc2+ {[%clk 0:00:53]} 82. Ke3 {[%clk 0:09:49]} Qc3+ {[%clk
0:01:08]} 83. Qd3 {[%clk 0:10:03]} Qe1+ {[%clk 0:01:33]} 84. Qe2 {[%clk 0:09:59]}
Qxb4 {[%clk 0:01:42]} 85. Qa2+ {[%clk 0:10:03]} Kf6 {[%clk 0:01:47]} 86. Qa1+
{[%clk 0:10:31]} 1/2-1/2

[Event "Irena Warakomska Memorial A"]
[Site "Suwalki"]
[Date "2021.07.29"]
[Round "4"]
[White "Indriunas, Matas"]
[Black "Piekielny, Pawel"]
[Result "1-0"]
[Board "27"]
[WhiteElo "2210"]
[WhiteCountry "LTU"]
[WhiteFideId "12812897"]
[WhiteEloChange "8"]
[BlackElo "2150"]
[BlackCountry "POL"]
[BlackFideId "21838828"]
[BlackEloChange "-8"]

1. e4 {[%clk 1:30:58]} e6 {[%clk 1:30:55]} 2. d4 {[%clk 1:31:23]} d5 {[%clk
1:31:21]} 3. Nd2 {[%clk 1:31:49]} Be7 {[%clk 1:31:47]} 4. Ngf3 {[%clk 1:31:56]}
Nf6 {[%clk 1:32:12]} 5. e5 {[%clk 1:32:05]} Nfd7 {[%clk 1:32:37]} 6. Bd3 {[%clk
1:32:28]} c5 {[%clk 1:33:03]} 7. c3 {[%clk 1:32:53]} Nc6 {[%clk 1:33:29]} 8. O-O
{[%clk 1:33:18]} h5 {[%clk 1:33:55]} 9. Re1 {[%clk 1:32:52]} cxd4 {[%clk
1:33:03]} 10. cxd4 {[%clk 1:33:09]} g5 {[%clk 1:33:28]} 11. Nb3 {[%clk 1:32:59]}
g4 {[%clk 1:33:54]} 12. Nfd2 {[%clk 1:33:18]} Nb4 {[%clk 1:34:19]} 13. Bb1 {[%clk
1:33:10]} a5 {[%clk 1:34:44]} 14. a3 {[%clk 1:33:01]} Nc6 {[%clk 1:35:09]} 15. a4
{[%clk 1:33:19]} b6 {[%clk 1:29:17]} 16. Bd3 {[%clk 1:32:35]} Ba6 {[%clk
1:29:42]} 17. Bxa6 {[%clk 1:32:33]} Rxa6 {[%clk 1:30:11]} 18. f3 {[%clk 1:28:39]}
gxf3 {[%clk 1:27:05]} 19. Qxf3 {[%clk 1:28:45]} Nb4 {[%clk 1:26:41]} 20. Rf1
{[%clk 1:25:21]} Rh7 {[%clk 1:27:05]} 21. Nb1 {[%clk 1:23:27]} Nf8 {[%clk
1:23:49]} 22. Na3 {[%clk 1:21:14]} Ra8 {[%clk 1:24:02]} 23. Bd2 {[%clk 1:17:10]}
Rc8 {[%clk 1:22:28]} 24. Nb5 {[%clk 1:11:33]} Ng6 {[%clk 1:22:26]} 25. Rac1
{[%clk 1:04:37]} Nh4 {[%clk 1:10:21]} 26. Qe2 {[%clk 0:33:07]} Rg7 {[%clk
0:51:00]} 27. g3 {[%clk 0:30:15]} Nf5 {[%clk 0:44:29]} 28. Qxh5 {[%clk 0:29:13]}
Nd3 {[%clk 0:41:26]} 29. Rxc8 {[%clk 0:24:01]} Qxc8 {[%clk 0:41:55]} 30. Rxf5
{[%clk 0:23:08]} exf5 {[%clk 0:40:49]} 31. Qh8+ {[%clk 0:23:32]} Kd7 {[%clk
0:41:17]} 32. Qxg7 {[%clk 0:23:33]} Qc2 {[%clk 0:41:45]} 33. Nc3 {[%clk 0:23:20]}
Qxb3 {[%clk 0:41:06]} 34. Qxf7 {[%clk 0:23:40]} Qc2 {[%clk 0:41:02]} 35. Qxf5+
{[%clk 0:21:14]} Kd8 {[%clk 0:40:37]} 36. Bg5 {[%clk 0:20:27]} Ke8 {[%clk
0:39:38]} 37. Qg6+ {[%clk 0:19:15]} Kd7 {[%clk 0:39:56]} 38. Qf5+ {[%clk
0:18:40]} Ke8 {[%clk 0:39:42]} 39. e6 {[%clk 0:16:06]} Bxg5 {[%clk 0:38:39]} 40.
Qf7+ {[%clk 0:46:29]} Kd8 {[%clk 1:09:05]} 41. Qd7# {[%clk 0:46:55]} 1-0

[Event "Irena Warakomska Memorial A"]
[Site "Suwalki"]
[Date "2021.07.29"]
[Round "4"]
[White "Sowul, Bartosz"]
[Black "Stanisz, Patryk"]
[Result "1-0"]
[Board "28"]
[WhiteElo "2186"]
[WhiteCountry "POL"]
[WhiteFideId "1137590"]
[WhiteEloChange "9"]
[BlackElo "2140"]
[BlackCountry "POL"]
[BlackFideId "1123106"]
[BlackEloChange "-9"]

1. Nf3 {[%clk 1:30:57]} d5 {[%clk 1:30:31]} 2. c4 {[%clk 1:31:16]} c6 {[%clk
1:30:54]} 3. g3 {[%clk 1:31:42]} Nd7 {[%clk 1:28:19]} 4. cxd5 {[%clk 1:31:32]}
cxd5 {[%clk 1:28:40]} 5. Nc3 {[%clk 1:31:55]} Ngf6 {[%clk 1:28:32]} 6. Bg2 {[%clk
1:32:07]} e5 {[%clk 1:26:52]} 7. d4 {[%clk 1:32:29]} e4 {[%clk 1:25:31]} 8. Ne5
{[%clk 1:32:54]} Bd6 {[%clk 1:23:13]} 9. Bf4 {[%clk 1:33:18]} Qe7 {[%clk
1:23:16]} 10. O-O {[%clk 1:33:23]} O-O {[%clk 1:22:26]} 11. Nxd7 {[%clk 1:33:27]}
Bxd7 {[%clk 1:22:41]} 12. Bg5 {[%clk 1:33:38]} Bc6 {[%clk 1:19:41]} 13. f3 {[%clk
1:33:02]} Bb4 {[%clk 0:59:41]} 14. fxe4 {[%clk 1:23:53]} Bxc3 {[%clk 0:56:32]}
15. bxc3 {[%clk 1:22:17]} dxe4 {[%clk 0:56:05]} 16. Qc1 {[%clk 1:17:33]} e3
{[%clk 0:48:16]} 17. d5 {[%clk 1:09:27]} Bb5 {[%clk 0:48:09]} 18. Qb2 {[%clk
1:09:34]} Bc4 {[%clk 0:46:45]} 19. Rf4 {[%clk 1:09:45]} Rac8 {[%clk 0:44:36]} 20.
Raf1 {[%clk 1:08:20]} Qd7 {[%clk 0:44:28]} 21. Bxf6 {[%clk 1:05:30]} gxf6 {[%clk
0:44:51]} 22. Qc2 {[%clk 1:05:25]} Kg7 {[%clk 0:43:06]} 23. Rh4 {[%clk 1:04:41]}
h6 {[%clk 0:43:23]} 24. Bh3 {[%clk 1:03:50]} Qxd5 {[%clk 0:43:20]} 25. Bxc8
{[%clk 0:46:48]} Rxc8 {[%clk 0:43:02]} 26. Rg4+ {[%clk 0:47:07]} Kf8 {[%clk
0:40:14]} 27. Qh7 {[%clk 0:46:11]} Rc6 {[%clk 0:37:48]} 28. Rd4 {[%clk 0:44:44]}
Qa5 {[%clk 0:37:12]} 29. Rxc4 {[%clk 0:43:37]} 1-0

[Event "Irena Warakomska Memorial A"]
[Site "Suwalki"]
[Date "2021.07.29"]
[Round "4"]
[White "Dwilewicz, Katarzyna"]
[Black "Pacuszka, Tomasz"]
[Result "0-1"]
[Board "29"]
[WhiteElo "2082"]
[WhiteTitle "WFM"]
[WhiteCountry "POL"]
[WhiteFideId "1148486"]
[WhiteEloChange "-7"]
[BlackElo "2184"]
[BlackTitle "FM"]
[BlackCountry "POL"]
[BlackFideId "1119036"]
[BlackEloChange "7"]

1. e4 {[%clk 1:25:58]} c5 {[%clk 1:30:53]} 2. Nf3 {[%clk 1:26:17]} Nc6 {[%clk
1:31:15]} 3. d4 {[%clk 1:26:27]} cxd4 {[%clk 1:31:37]} 4. Nxd4 {[%clk 1:26:51]}
g6 {[%clk 1:31:22]} 5. Nc3 {[%clk 1:26:59]} Bg7 {[%clk 1:31:44]} 6. Be3 {[%clk
1:27:20]} Nf6 {[%clk 1:31:58]} 7. Nxc6 {[%clk 1:27:10]} bxc6 {[%clk 1:32:21]} 8.
e5 {[%clk 1:27:32]} Ng8 {[%clk 1:32:45]} 9. Bd4 {[%clk 1:27:55]} Qa5 {[%clk
1:33:08]} 10. Bc4 {[%clk 1:26:44]} Nh6 {[%clk 1:25:32]} 11. e6 {[%clk 1:18:47]}
f6 {[%clk 1:24:42]} 12. exd7+ {[%clk 1:18:29]} Bxd7 {[%clk 1:25:05]} 13. a3
{[%clk 1:07:16]} Rd8 {[%clk 1:19:30]} 14. Qf3 {[%clk 0:57:45]} Nf5 {[%clk
1:16:16]} 15. O-O-O {[%clk 0:53:42]} Nxd4 {[%clk 1:08:14]} 16. Rxd4 {[%clk
0:54:05]} Qc5 {[%clk 1:03:13]} 17. Rhd1 {[%clk 0:41:38]} f5 {[%clk 1:01:56]} 18.
Ne4 {[%clk 0:29:07]} Qb6 {[%clk 0:58:39]} 19. R4d3 {[%clk 0:18:43]} Qxb2+ {[%clk
0:45:20]} 20. Kd2 {[%clk 0:19:11]} Bc8 {[%clk 0:45:41]} 21. Ke1 {[%clk 0:12:06]}
Rd7 {[%clk 0:39:02]} 22. Ng5 {[%clk 0:06:22]} Qb7 {[%clk 0:34:15]} 23. Bf7+
{[%clk 0:05:05]} Kf8 {[%clk 0:34:32]} 24. Bb3 {[%clk 0:03:32]} Rxd3 {[%clk
0:33:46]} 25. Qxd3 {[%clk 0:04:01]} Bf6 {[%clk 0:34:00]} 26. Nf7 {[%clk 0:03:03]}
Kg7 {[%clk 0:32:21]} 27. Nxh8 {[%clk 0:03:25]} Kxh8 {[%clk 0:32:41]} 28. Qd8+
{[%clk 0:02:26]} Kg7 {[%clk 0:33:02]} 29. Rd3 {[%clk 0:02:35]} f4 {[%clk
0:33:16]} 30. Qg8+ {[%clk 0:01:47]} Kh6 {[%clk 0:33:40]} 31. Qf8+ {[%clk
0:01:17]} Kh5 {[%clk 0:33:35]} 32. c4 {[%clk 0:01:15]} Bf5 {[%clk 0:33:04]} 33.
Bd1+ {[%clk 0:01:17]} Bg4 {[%clk 0:33:21]} 34. Rh3+ {[%clk 0:00:43]} Kg5 {[%clk
0:33:43]} 35. Qh6+ {[%clk 0:01:11]} Kf5 {[%clk 0:33:57]} 36. Bc2+ {[%clk
0:00:38]} Ke6 {[%clk 0:33:17]} 37. Rb3 {[%clk 0:00:36]} Qc7 {[%clk 0:33:22]} 38.
Kd2 {[%clk 0:00:33]} Qa5+ {[%clk 0:32:18]} 39. Rb4 {[%clk 0:00:31]} Qxa3 {[%clk
0:32:36]} 40. Rb3 {[%clk 0:30:39]} Qa5+ {[%clk 1:02:59]} 41. Kd3 {[%clk 0:30:23]}
Qe1 {[%clk 1:02:35]} 0-1

[Event "Irena Warakomska Memorial A"]
[Site "Suwalki"]
[Date "2021.07.29"]
[Round "4"]
[White "Dzhuguryan, Tygran"]
[Black "Karolczuk, Iwo"]
[Result "1-0"]
[Board "30"]
[WhiteElo "2176"]
[WhiteCountry "POL"]
[WhiteFideId "21872988"]
[WhiteEloChange "9"]
[BlackElo "2129"]
[BlackCountry "POL"]
[BlackFideId "21816972"]
[BlackEloChange "-9"]

1. d4 {[%clk 1:31:00]} Nf6 {[%clk 1:27:15]} 2. c4 {[%clk 1:31:27]} g6 {[%clk
1:26:59]} 3. Nc3 {[%clk 1:31:44]} Bg7 {[%clk 1:27:18]} 4. e4 {[%clk 1:31:54]} O-O
{[%clk 1:27:41]} 5. Bg5 {[%clk 1:31:41]} c6 {[%clk 1:27:57]} 6. e5 {[%clk
1:22:54]} Ne8 {[%clk 1:28:15]} 7. f4 {[%clk 1:23:14]} d6 {[%clk 1:19:22]} 8. Nf3
{[%clk 1:22:57]} f6 {[%clk 1:19:02]} 9. exf6 {[%clk 1:22:31]} Nxf6 {[%clk
1:19:07]} 10. Qd2 {[%clk 1:17:42]} a6 {[%clk 1:13:01]} 11. Bd3 {[%clk 1:13:27]}
Bg4 {[%clk 1:12:14]} 12. O-O {[%clk 1:12:31]} Bxf3 {[%clk 1:11:01]} 13. Rxf3
{[%clk 1:12:58]} Qb6 {[%clk 1:11:23]} 14. Bf1 {[%clk 1:03:11]} h6 {[%clk
0:58:52]} 15. Bxf6 {[%clk 0:54:04]} Bxf6 {[%clk 0:58:15]} 16. Rd1 {[%clk
0:54:28]} Nd7 {[%clk 0:54:19]} 17. Ne4 {[%clk 0:48:28]} Kh7 {[%clk 0:47:54]} 18.
Rh3 {[%clk 0:46:13]} Kg7 {[%clk 0:47:04]} 19. Kh1 {[%clk 0:41:52]} d5 {[%clk
0:41:59]} 20. c5 {[%clk 0:41:53]} Qc7 {[%clk 0:42:02]} 21. f5 {[%clk 0:38:27]} g5
{[%clk 0:41:35]} 22. Ng3 {[%clk 0:38:18]} Rh8 {[%clk 0:33:40]} 23. Nh5+ {[%clk
0:38:33]} Kf7 {[%clk 0:34:05]} 24. Re1 {[%clk 0:32:28]} Rae8 {[%clk 0:32:05]} 25.
Re6 {[%clk 0:29:25]} Nf8 {[%clk 0:31:30]} 26. Rhe3 {[%clk 0:29:27]} Nh7 {[%clk
0:26:52]} 27. Re1 {[%clk 0:25:14]} Qd7 {[%clk 0:26:09]} 28. Be2 {[%clk 0:25:22]}
Kf8 {[%clk 0:23:30]} 29. Ng3 {[%clk 0:24:51]} Qc7 {[%clk 0:23:12]} 30. Bh5 {[%clk
0:22:27]} Rd8 {[%clk 0:23:09]} 31. Qe3 {[%clk 0:22:13]} Rd7 {[%clk 0:19:29]} 32.
Rf1 {[%clk 0:22:09]} b6 {[%clk 0:16:52]} 33. b4 {[%clk 0:18:07]} a5 {[%clk
0:17:12]} 34. a3 {[%clk 0:18:30]} bxc5 {[%clk 0:17:05]} 35. bxc5 {[%clk 0:18:55]}
Qb7 {[%clk 0:17:23]} 36. Bg6 {[%clk 0:18:20]} Rc7 {[%clk 0:17:21]} 37. Bxh7
{[%clk 0:16:49]} Rxh7 {[%clk 0:17:41]} 38. Nh5 {[%clk 0:17:05]} Rf7 {[%clk
0:17:55]} 39. Nxf6 {[%clk 0:16:09]} exf6 {[%clk 0:16:19]} 40. Qh3 {[%clk
0:46:24]} Rce7 {[%clk 0:45:58]} 41. Qxh6+ {[%clk 0:46:28]} Ke8 {[%clk 0:46:24]}
42. Rfe1 {[%clk 0:45:36]} Rxe6 {[%clk 0:46:26]} 43. fxe6 {[%clk 0:45:54]} 1-0